Qui a fait un feat avec Bigflo et Oli ? - Mort subite - Statistiques

Statistiques générales
  • Ce quiz a été pris 1 193 fois
  • Le résultat moyen est 10 sur 25
Answers on the Grid
Answers color-coded by a green-red scale on the quiz's grid according to % correct below.
Petit Biscuit
Guizmo
Black M
Soprano
Tryo
Caballero & JeanJass
Spider ZED
MC Solaar
Bon Entendeur
LEJ
Vald
Jul
Médine
Kalash Criminel
Alkapote
KIK (anciennement Kikesa)
Vianney
Nej'
Naâman
Julien Doré
Orelsan
GIMS
Booba
Angèle
Gaël Faye
Grand Corps Malade
Flavia Coelho
Lujipeka
Kyo
Indochine
Luidji
Poupie
Pomme
Ben Mazué
Busta Rhymes
Kacem Wapalek
Francis Cabrel
JoeyStarr
Fabian Ordonez
Yamê
Clara Luciani
Georgio
Kemmler
Mosimann
A2H
Marc Lavoine
Lord Esperanza
Gazo
Ninho
Tiakola
 
Statistiques - réponses
Réponse % Correct
Demain Petit Biscuit
62%
Coup de vieux Julien Doré
60%
Bons élèves MC Solaar
55%
Fan Vald
55%
C'est que du rap Soprano
53%
C'est que du rap Black M
51%
Il faudrait Vianney
51%
Papa Fabian Ordonez
48%
Trèfle Francis Cabrel
47%
C'est pas bien Spider ZED
41%
Que ça dure Jul
39%
Coup de Blues/Soleil Bon Entendeur
37%
Ça va trop vite Busta Rhymes
36%
Bigflo & Oli Caballero & JeanJass
36%
Pachémwa KIK (anciennement Kikesa)
35%
Ferme les yeux Tryo
35%
Trop tard JoeyStarr
32%
Pas du même monde Guizmo
30%
Tu es LEJ
27%
Moments Kalash Criminel
26%
La Seule Naâman
25%
La Seule Kacem Wapalek
23%
Tête à coeur Médine
22%
Que du Buzz Alkapote
21%
Tout recommencer Nej'
21%
Aucun quiz correspondant
Distribution des résultats
% des personnes avec chaque résultat
Percentile par nombre de réponses
Votre historique - résultats
Vous n’avez pas pris ce quiz